000 00305nam a2200121Ia 4500
008 190216s9999||||xx |||||||||||||| ||und||
100 _aNarayan R K
245 2 _aA Horse And Two Goats
260 _b"Indian Thought Publications,Mysore"
_c1970
300 _a143p
650 _aEnglish Stories
942 _cBK
999 _c12390
_d12390